000 00503nam a2200193Ia 4500
005 20240823061915.0
008 240823s9999||||xx |||||||||||||| ||und||
041 _aENGLISH
082 _A005.1 Q4
100 _a"Freeman,Eric"
245 0 _aHead First Design Patterns
250 _a1st
260 _c2014
_b"Shroff Publishers and Distributers Pvt.Ltd,M"
500 _aYES
650 _aDesign Patterns
_bInformation Technology
700 _a" Freeman,Elisabeth"
942 _cBK
999 _c234642
_d234642